VLIV VLHKOSTNÍHO POLE NA BIOLOGICKÉ ROZRUŠOVÁNÍ ZDĚNÝCH KONSTRUKCÍ

Bibliographic Details
Main Author: Bedlovičová, Daniela (Author)
Format: Article
Language:Czech
ISBN:8022712159

MARC

LEADER 00000naa a2200000uu 4500
001 vtls010950156
003 SK-MaSNL
005 20260302125448.0
008 220810|1999 xo |||||||||||||||||cze|
015 |a SNBRA 
035 |a (urnnbn)urn:nbn:sk:snk:ar-a0bj0j 
035 |a (uuid)d532a8f1-6802-49c1-9262-7b04541f6c3e 
035 |a urn:nbn:sk:snk-aaub2o 
040 |a SNKBUCL  |b slo  |c SNKBUCL  |e AACR2 
041 0 |a cze 
044 |a xo  |c SK 
100 1 |a Bedlovičová, Daniela  |4 aut  |9 812556 
245 1 0 |a VLIV VLHKOSTNÍHO POLE NA BIOLOGICKÉ ROZRUŠOVÁNÍ ZDĚNÝCH KONSTRUKCÍ  |c Daniela Bedlovičová 
246 3 |a MOISTURE FIELD EFFECT ON BIODETERIORATION OF MASONRY STRUCTURES 
773 0 |t 23. vedecká konferencia katedier a ústavov konštrukcií pozemných stavieb  |d Bratislava : Slovenská technická univerzita, 1999  |g S. 5-8  |z 8022712159 
954 |a odborná, vedecká literatúra cudzojazyčná (svetová)  |2 lita 
958 |a OND 
958 |a article11 
958 |a chapter 
999 |c 1293866  |d 1295796